MARC

Tag First Indicator Second Indicator Subfields
LEADER 00000cas a2200000 a 4500
001 in00000002417
008 981203c199u9999dcuar f f0 0eng d
005 20230310162307.7
010 |a sn 99018029  
035 |a (OCoLC)ocm40576120 
035 |9 AJD0015AM 
035 |a in00000002417 
040 |a SVP  |c SVP  |d GPO  |d MvI  |d UtOrBLW 
042 |a lcd 
043 |a n-us--- 
049 |a UDOC 
049 |a WWW 
074 |a 0982-C-01 
074 |a 0982-C-01 (online) 
086 0 |a TD 1.2:P 94/6/ 
110 1 |a United States.  |b Department of Transportation. 
245 1 0 |a Procurement forecast /  |c U.S. Department of Transportation, Office of Small and Disadvantaged Business Utilization. 
246 1 |i At head of title;  |a One DOT 
246 1 7 |a Direct procurement forecast for ... 
246 1 8 |a U.S. DOT procurement forecast 
264 1 |a Washington, DC :  |b The Office. 
300 |a volumes ;  |c 28 cm. 
336 |a text  |b txt  |2 rdacontent 
337 |a unmediated  |b n  |2 rdamedia 
338 |a volume  |b nc  |2 rdacarrier 
500 |a Address: U.S. Dept. of Transportation, Office of Small and Disadvantaged Business Utilization, 400 Seventh Street, SW, Room# 9414, Washington, DC 20590 
500 |a Some issues have "Discover the world of small business" on the cover. 
500 |a Description based on: FY 99; title from cover. 
500 |a Volumes for 2000- not distributed to depository libraries in physical form. 
500 |a Shipping List #: 99-0056-P 
500 |a Shipping List Date: 11/23/98 
530 |a Current issue also available via the Internet from the Dept. of Transportation web site with title: U.S. Department of Transportation fiscal year ... procurement forecast. Address as of 09/27/00: http://osdbuweb.dot.gov/business/procurement/forecast.html; current access is available via PURL. 
610 1 0 |a United States.  |b Department of Transportation  |x Procurement  |v Handbooks, manuals, etc. 
650 0 |a Public contracts  |z United States  |v Handbooks, manuals, etc. 
650 0 |a Federal aid to minority business enterprises  |z United States  |v Handbooks, manuals, etc. 
710 1 |a United States.  |b Department of Transportation.  |b Office of Small and Disadvantaged Business Utilization. 
740 0 |a U.S. Department of Transportation fiscal year ... procurement forecast 
856 4 1 |u https://purl.fdlp.gov/GPO/LPS6083  |t 0 
999 |a MARS 
999 f f |i 0e894b6f-3185-33e0-b87f-6d975c1e9ac6  |s 0bf50bdd-bfdb-3115-8139-a23e9df0f996  |t 0 
952 f f |p normal  |a Texas A&M University  |b College Station  |c Sterling C. Evans Library  |d Evans: US Documents (Annex 5th floor)  |t 0  |e TD 1.2:P 94/6/  |h Superintendent of Documents classification  |i unmediated -- volume 
952 f f |a Texas A&M University  |b College Station  |c Electronic Resources  |d Available Online  |t 0  |e TD 1.2:P 94/6/  |h Superintendent of Documents classification 
998 f f |a TD 1.2:P 94/6/  |t 0  |l Evans: US Documents (Annex 5th floor) 
998 f f |a TD 1.2:P 94/6/  |t 0  |l Available Online